Wspólpraca z bankiem w ocenie przedsiebiorstw.
Ústav rozvoja a strategických štúdií pri poľskej národnej banke od r. 1991 skúma fungovanie úverového systému v 42 priemyselných podnikoch. Miesto úveru v činnosti podnikov. Podmienky poskytovania úveru. Reakcia podnikov za situácie obmedzeného prístupu k úverom. Analýzy odpovedí ukazujú pozitívny i...
Salvato in:
| Autore principale: | |
|---|---|
| Natura: | Capitolo di libro |
| Lingua: | polacco |
| Soggetti: | |
| Tags: |
Nessun Tag, puoi essere il primo ad aggiungerne!!
|
MARC
| LEADER | 00000naa a2200000 4500 | ||
|---|---|---|---|
| 001 | r012294 | ||
| 005 | 20220826093314.2 | ||
| 041 | 0 | |a pol | |
| 044 | |a PL | ||
| 245 | 1 | 0 | |a Wspólpraca z bankiem w ocenie przedsiebiorstw. |c J. Sobota |
| 520 | |a Ústav rozvoja a strategických štúdií pri poľskej národnej banke od r. 1991 skúma fungovanie úverového systému v 42 priemyselných podnikoch. Miesto úveru v činnosti podnikov. Podmienky poskytovania úveru. Reakcia podnikov za situácie obmedzeného prístupu k úverom. Analýzy odpovedí ukazujú pozitívny i negatívny výklad činnosti podnikov. Odpovede svedčia, že prístupnosť k úveru nie je postačujúca. | ||
| 610 | 2 | 0 | |a úver bankový |
| 610 | 2 | 0 | |a podnik |
| 610 | 2 | 0 | |a PR |
| 610 | 2 | 0 | |a zisťovanie výberové |
| 610 | 2 | 0 | |a ankety |
| 610 | 2 | 0 | |a 1989-1991 |
| 100 | 1 | |a Sobota, J. | |